00000000cam 2200000zi 4500
0019.952632
003CaOODSP
00520260528104558
006m     o  d f      
007cr mn|||||||||
008250624e202506##onc     o    f000 0 eng d
020 |a9780660779324
040 |aCaOODSP|beng|erda|cCaOODSP
043 |an-cn---
0861 |aP114-35/2025E-PDF
24500|aReview of complaint : |badministration of a contract for second language training services for foreign service officers with Immigration, Refugees and Citizenship Canada / |cOffice of the Procurement Ombud.
24610|aAdministration of a contract for second language training services for foreign service officers with Immigration, Refugees and Citizenship Canada
264 1|aOttawa, ON : |bOffice of the Procurement Ombud = Bureau de l'ombud de l'approvisionnement, |cJune 2025.
300 |a1 online resource (13 pages)
336 |atext|btxt|2rdacontent
337 |acomputer|bc|2rdamedia
338 |aonline resource|bcr|2rdacarrier
500 |aCover title.
500 |a"Promoting fairness, openness & transparency in federal procurement."
500 |aIssued also in French under title: Examen d'une plainte : administration d'un contrat de services de formation en langue seconde à l'intention des agents du service extérieur d'Immigration, Réfugiés et Citoyenneté Canada.
520 |a"On January 19, 2025, the Office of the Procurement Ombud (OPO) received a written complaint from a Canadian Supplier (the Complainant) regarding the administration of a contract awarded by Immigration, Refugees and Citizenship Canada (IRCC). The contract was for the provision of "Second Language Training Services for Foreign Service Officers"--The complaint, page 4.
61010|aCanada. |bImmigration, Refugees and Citizenship Canada|xProcurement|xEvaluation.
650 0|aLanguage and languages|xStudy and teaching|zCanada.
650 0|aDiplomats|zCanada|xTraining of.
650 0|aPublic contracts|zCanada|xManagement|xEvaluation.
7101 |aCanada. |bOffice of the Procurement Ombud, |eissuing body.
77508|tExamen d'une plainte : |w(CaOODSP)9.952634
85640|qPDF|s313 KB|uhttps://publications.gc.ca/collections/collection_2026/spac-pspc/P114-35-2025-eng.pdf
8564 |qHTML|sN/A|uhttps://opo-boa.gc.ca/praapp-prorev/2025/ep-rc-07-2025-eng.html